|
|
|
|
| LEADER |
01267nam a2200277 a 4500 |
| 001 |
2263940 |
| 008 |
091117s1978 dcua b 001 0 eng d |
| 010 |
|
|
|a 78012241
|
| 020 |
|
|
|a 0815768923.
|
| 020 |
|
|
|a 0815768915
|c pbk.
|
| 040 |
|
|
|a DLC
|c DLC
|d DLC
|
| 082 |
0 |
0 |
|a 331.1/377/0973
|2 18
|
| 245 |
0 |
0 |
|a Creating jobs :
|b public employment programs and wage subsidies : a study sponsored jointly by the Institute for Research on Poverty and the Brookings Institution /
|c John L. Palmer, editor.
|
| 260 |
|
|
|a Washington :
|b The Institution,
|c c1978.
|
| 300 |
|
|
|a 379 p. :
|b ill. ;
|c 24 cm.
|
| 490 |
1 |
|
|a Studies in social economics ;
|v 18
|
| 490 |
1 |
|
|a Monograph series - Institute for Research on Poverty
|
| 504 |
|
|
|a Includes bibliographical references and index.
|
| 541 |
1 |
|
|e 00000051
|
| 650 |
|
0 |
|a Public service employment
|z United States.
|
| 650 |
|
0 |
|a Employment subsidies
|z United States.
|
| 700 |
1 |
|
|a Palmer, John Logan.
|
| 830 |
0 |
|
|a Institute for Research on Poverty monograph series.
|
| 852 |
4 |
|
|a Ayesha Abed Library
|j General Shelf.
|
| 999 |
|
|
|c 5655
|d 5655
|
| 952 |
|
|
|0 0
|1 0
|2 ddc
|4 0
|6 331_137709730000000_CRE
|7 0
|9 5575
|a BRACUL
|b BRACUL
|c GEN
|d 2009-11-21
|g 0.00
|l 0
|o 331.13770973 CRE
|p 3010000051
|r 2016-08-30
|t 1
|w 2009-11-21
|y BK
|x No price found in the accession register.
|